<?xml version='1.0' encoding='UTF-8'?>
  <record xmlns="http://www.loc.gov/MARC21/slim">
    <leader>00000cam a22000007i 4500</leader>
    <controlfield tag="001">ocm65365377</controlfield>
    <controlfield tag="003">OCoLC</controlfield>
    <controlfield tag="005">20240325003855.3</controlfield>
    <controlfield tag="008">900519s1571    be            000 0 dut d</controlfield>
    <datafield tag="040" ind1=" " ind2=" ">
      <subfield code="a">NLGGC</subfield>
      <subfield code="b">dut</subfield>
      <subfield code="e">fobidrtb</subfield>
      <subfield code="c">NLGGC</subfield>
      <subfield code="d">OCLCL</subfield>
      <subfield code="d">OCLCQ</subfield>
    </datafield>
    <datafield tag="029" ind1="0" ind2=" ">
      <subfield code="a">NLGGC</subfield>
      <subfield code="b">061712558</subfield>
    </datafield>
    <datafield tag="035" ind1=" " ind2=" ">
      <subfield code="a">(OCoLC)65365377</subfield>
    </datafield>
    <datafield tag="100" ind1="1" ind2=" ">
      <subfield code="a">Castelein, Matthijs de.</subfield>
    </datafield>
    <datafield tag="245" ind1="1" ind2="3">
      <subfield code="a">De Const van Rhetoriken, allen ancommers ende beminders der selver, een sonderlingh Exemplaer, ende leerende voorbeelt, niet alleen in allen soorten ende Sneden van dichte, nemaer ooc, in alles dat der edelder const van Poesien competeert, ende aencleeft /</subfield>
      <subfield code="c">wtghestelt in dichte, bij wylent H. Matthys de Castelein ; wy hebben hierby oock willen voughen de Balladen van Doornycke, ghemaect by den selven, als een beghinsel der vergaderinghen, van alle Casteleins wercken.</subfield>
    </datafield>
    <datafield tag="260" ind1=" " ind2=" ">
      <subfield code="a">Ghendt,</subfield>
      <subfield code="c">1571.</subfield>
    </datafield>
    <datafield tag="300" ind1=" " ind2=" ">
      <subfield code="c">? cm.</subfield>
    </datafield>
    <datafield tag="336" ind1=" " ind2=" ">
      <subfield code="a">tekst</subfield>
      <subfield code="b">txt</subfield>
      <subfield code="2">rdacontent/dut</subfield>
    </datafield>
    <datafield tag="337" ind1=" " ind2=" ">
      <subfield code="a">zonder medium</subfield>
      <subfield code="b">n</subfield>
      <subfield code="2">rdamedia/dut</subfield>
    </datafield>
    <datafield tag="338" ind1=" " ind2=" ">
      <subfield code="a">band</subfield>
      <subfield code="b">nc</subfield>
      <subfield code="2">rdacarrier/dut</subfield>
    </datafield>
    <datafield tag="758" ind1=" " ind2=" ">
      <subfield code="a">De Const van Rhetoriken, allen ancommers ende beminders der selver, een sonderlingh Exemplaer, ende leerende voorbeelt, niet alleen in allen soorten ende Sneden van dichte, nemaer ooc, in alles dat der edelder const van Poesien competeert, ende aencleeft (Text)</subfield>
      <subfield code="1">https://id.oclc.org/worldcat/entity/E39PD3QhbqwWjTQMTwxQt3BqpK</subfield>
      <subfield code="4">https://id.oclc.org/worldcat/ontology/hasWork</subfield>
    </datafield>
    <datafield tag="936" ind1=" " ind2=" ">
      <subfield code="a">BATCHLOAD</subfield>
    </datafield>
  </record>